| Tag |
First Indicator |
Second Indicator |
Subfields |
| LEADER |
00000cam a2200000 a 4500 |
| 001 |
in00004648708 |
| 008 |
880419s1988 nyua 000 1 eng d |
| 005 |
20230228172221.2 |
| 035 |
|
|
|a (OCoLC)ocm17810782
|
| 035 |
|
|
|a (OCoLC)ocm17810782
|
| 040 |
|
|
|a UUZ
|b eng
|c UUZ
|d OCLCQ
|d BTCTA
|d YDXCP
|d TOH
|d CRU
|d OCLCQ
|d OCLCF
|d OCLCQ
|d OCLCO
|d OCLCQ
|d OCLCO
|
| 020 |
|
|
|a 0812564219 :
|q (U.S.)
|
| 020 |
|
|
|a 9780812564211
|
| 020 |
|
|
|a 0812564227 :
|q (Can.)
|
| 020 |
|
|
|a 9780812564228
|
| 035 |
|
|
|a (OCoLC)17810782
|
| 050 |
1 |
4 |
|a GV1469.62.C76
|b B55 1988
|
| 082 |
0 |
4 |
|a Fic
|b B
|
| 100 |
1 |
|
|a Billias, Stephen.
|
| 245 |
1 |
0 |
|a Deryni challenge /
|c Stephen Billias.
|
| 260 |
|
|
|a New York :
|b Tom Doherty Associates,
|c 1988.
|
| 300 |
|
|
|a 27, [222] pages :
|b illustrations ;
|c 18 cm
|
| 336 |
|
|
|a text
|b txt
|2 rdacontent
|
| 337 |
|
|
|a unmediated
|b n
|2 rdamedia
|
| 338 |
|
|
|a volume
|b nc
|2 rdacarrier
|
| 500 |
|
|
|a "A Crossroads Adventure in the World of Katherine Kurtz's Deryni."
|
| 500 |
|
|
|a "Introduction by Katherine Kurtz."
|
| 500 |
|
|
|a "A TOR book."
|
| 650 |
|
0 |
|a Plot-your-own stories.
|
| 650 |
|
0 |
|a Fantasy games
|v Fiction.
|
| 650 |
|
6 |
|a Livres dont vous êtes le héros.
|
| 650 |
|
7 |
|a Fantasy games.
|2 fast
|0 (OCoLC)fst00920831
|
| 650 |
|
7 |
|a Plot-your-own stories.
|2 fast
|0 (OCoLC)fst01067225
|
| 655 |
|
7 |
|a Fiction.
|2 fast
|0 (OCoLC)fst01423787
|
| 938 |
|
|
|a Baker and Taylor
|b BTCP
|n bl 99982243
|
| 938 |
|
|
|a YBP Library Services
|b YANK
|n 718119
|
| 029 |
1 |
|
|a AU@
|b 000011102922
|
| 994 |
|
|
|a Z0
|b TXA
|
| 948 |
|
|
|h HELD BY TXA - 11 OTHER HOLDINGS
|
| 999 |
f |
f |
|s 0e1baf6a-171f-4b75-8928-8e07593773f1
|i 7ea773c3-9c81-477c-9c99-b3af4abdca32
|t 0
|
| 952 |
f |
f |
|p noncirc
|a Texas A&M University
|b College Station
|c Cushing Memorial Library & Archives
|d Cushing: Science Fiction (Does not check out)
|t 0
|e GV1469.62.C76 B55 1988
|h Library of Congress classification
|i unmediated -- volume
|m A14853023698
|
| 998 |
f |
f |
|a GV1469.62.C76 B55 1988
|t 0
|l Cushing: Science Fiction (Does not check out)
|